山手線の時間帯別運転本数(2025/03/14まで) - Statistics

General Stats
  • This quiz has been taken 33 times
  • The average score is 84 of 154
Answer Stats
運転日 方面 時間帯 運転本数 % Correct
平日 内回り 04:30~04:34 1
100%
平日 内回り 06:11~06:22 10
90%
平日 内回り 06:22~06:32 12
90%
平日 内回り 04:34~04:45 2
90%
平日 内回り 04:45~04:52 3
90%
平日 内回り 04:52~05:09 4
90%
平日 内回り 05:09~05:29 5
90%
平日 内回り 05:29~05:42 6
90%
平日 内回り 05:42~05:50 7
90%
平日 内回り 05:50~06:01 8
90%
平日 内回り 06:01~06:11 9
90%
平日 内回り 06:32~06:44 13
80%
平日 内回り 06:44~06:54 14
80%
平日 内回り 06:54~06:59 15
80%
平日 内回り 06:59~07:01 16
80%
平日 内回り 07:01~07:11 17
70%
平日 内回り 07:11~07:20 18
70%
平日 内回り 07:20~07:25 19
70%
平日 内回り 07:25~07:30 20
70%
平日 内回り 07:30~09:31 21
70%
平日 内回り 10:04~10:14 18
60%
平日 内回り 09:43~10:04 19
60%
平日 内回り 09:31~09:43 20
60%
平日 内回り 00:56~01:03 1
50%
平日 外回り 04:25~04:28 1
50%
平日 外回り 00:54~00:59 1
50%
土休日 内回り 04:30~04:34 1
50%
土休日 内回り 00:56~01:03 1
50%
土休日 外回り 04:25~04:28 1
50%
土休日 外回り 00:54~00:59 1
50%
平日 内回り 22:57~00:16 10
50%
平日 外回り 06:07~06:17 10
50%
平日 外回り 00:30~00:35 10
50%
土休日 内回り 06:21~07:19 10
50%
土休日 内回り 22:31~23:36 10
50%
土休日 外回り 06:53~07:03 10
50%
土休日 外回り 00:28~00:30 10
50%
平日 内回り 21:52~22:57 11
50%
平日 外回り 06:17~06:28 11
50%
平日 外回り 00:29~00:30 11
50%
土休日 内回り 07:19~07:34 11
50%
土休日 内回り 21:04~22:31 11
50%
土休日 外回り 07:03~07:12 11
50%
土休日 外回り 00:07~00:28 11
50%
平日 内回り 21:08~21:52 12
50%
平日 外回り 06:28~06:43 12
50%
平日 外回り 00:19~00:29 12
50%
土休日 内回り 07:34~07:48 12
50%
土休日 内回り 18:28~21:04 12
50%
土休日 外回り 07:12~07:33 12
50%
土休日 外回り 23:30~00:07 12
50%
平日 内回り 10:59~16:00 13
50%
平日 内回り 20:18~21:08 13
50%
平日 外回り 06:43~06:56 13
50%
平日 外回り 10:11~15:57 13
50%
平日 外回り 00:06~00:19 13
50%
土休日 内回り 07:48~08:00 13
50%
土休日 内回り 18:11~18:28 13
50%
土休日 外回り 07:33~11:46 13
50%
土休日 外回り 22:51~23:30 13
50%
平日 内回り 10:39~10:59 14
50%
平日 内回り 16:00~17:42 14
50%
平日 内回り 19:36~20:18 14
50%
平日 外回り 06:56~07:16 14
50%
平日 外回り 09:36~10:11 14
50%
平日 外回り 15:57~16:31 14
50%
平日 外回り 22:26~00:06 14
50%
土休日 内回り 08:00~08:17 14
50%
土休日 内回り 17:54~18:11 14
50%
土休日 外回り 11:46~12:17 14
50%
土休日 外回り 21:17~22:51 14
50%
平日 内回り 10:24~10:39 15
50%
平日 内回り 17:42~19:36 15
50%
平日 外回り 07:16~07:27 15
50%
平日 外回り 09:27~09:36 15
50%
平日 外回り 16:31~16:32 15
50%
平日 外回り 20:48~22:26 15
50%
土休日 内回り 08:17~09:38 15
50%
土休日 内回り 17:23~17:54 15
50%
土休日 外回り 12:17~12:32 15
50%
土休日 外回り 19:43~21:17 15
50%
平日 外回り 07:27~07:43 16
50%
平日 外回り 09:12~09:27 16
50%
平日 外回り 16:32~16:52 16
50%
平日 外回り 20:30~20:48 16
50%
土休日 内回り 09:38~10:14 16
50%
土休日 内回り 17:18~17:23 16
50%
土休日 外回り 12:32~13:03 16
50%
土休日 外回り 19:20~19:43 16
50%
平日 内回り 10:14~10:24 17
50%
平日 外回り 07:43~09:12 17
50%
平日 外回り 16:52~17:27 17
50%
平日 外回り 20:26~20:30 17
50%
土休日 内回り 10:14~17:18 17
50%
土休日 外回り 13:03~16:13 17
50%
土休日 外回り 18:42~19:20 17
50%
平日 外回り 17:27~17:47 18
50%
平日 外回り 20:09~20:26 18
50%
土休日 外回り 16:13~18:42 18
50%
平日 外回り 17:47~18:07 19
50%
平日 外回り 19:42~20:09 19
50%
平日 内回り 00:55~00:56 2
50%
平日 外回り 04:28~04:39 2
50%
土休日 内回り 04:34~04:45 2
50%
土休日 内回り 00:55~00:56 2
50%
土休日 外回り 04:28~04:39 2
50%
平日 外回り 18:07~19:42 20
50%
平日 内回り 00:49~00:55 3
50%
平日 外回り 04:39~05:11 3
50%
平日 外回り 00:50~00:54 3
50%
土休日 内回り 04:45~04:52 3
50%
土休日 内回り 00:49~00:55 3
50%
土休日 外回り 04:39~05:11 3
50%
土休日 外回り 00:49~00:54 3
50%
平日 内回り 00:46~00:49 4
50%
平日 外回り 05:11~06:25 4
50%
平日 外回り 00:49~00:50 4
50%
土休日 内回り 04:52~05:09 4
50%
土休日 内回り 00:46~00:49 4
50%
土休日 外回り 05:11~05:43 4
50%
土休日 外回り 00:46~00:49 4
50%
平日 内回り 00:42~00:46 5
50%
平日 外回り 05:25~05:39 5
50%
平日 外回り 00:46~00:49 5
50%
土休日 内回り 05:09~05:27 5
50%
土休日 内回り 00:37~00:46 5
50%
土休日 外回り 05:43~06:01 5
50%
平日 内回り 00:37~00:42 6
50%
平日 外回り 05:39~05:46 6
50%
平日 外回り 00:45~00:46 6
50%
土休日 内回り 05:27~05:44 6
50%
土休日 内回り 00:36~00:37 6
50%
土休日 外回り 06:01~06:17 6
50%
土休日 外回り 00:40~00:46 6
50%
平日 外回り 05:46~05:56 7
50%
平日 外回り 00:40~00:45 7
50%
土休日 内回り 05:44~05:58 7
50%
土休日 内回り 00:30~00:36 7
50%
土休日 外回り 06:17~06:31 7
50%
土休日 外回り 00:39~00:40 7
50%
平日 内回り 00:30~00:37 8
50%
平日 外回り 05:56~06:01 8
50%
平日 外回り 00:39~00:40 8
50%
土休日 内回り 05:58~06:10 8
50%
土休日 内回り 00:16~00:30 8
50%
土休日 外回り 06:31~06:43 8
50%
土休日 外回り 00:34~00:39 8
50%
平日 内回り 00:16~00:30 9
50%
平日 外回り 06:01~06:07 9
50%
平日 外回り 00:35~00:39 9
50%
土休日 内回り 06:10~06:21 9
50%
土休日 内回り 23:36~00:16 9
50%
土休日 外回り 06:43~06:53 9
50%
土休日 外回り 00:30~00:34 9
50%
No matching quizzes found
Score Distribution
Percent of People with Each Score
Percentile by Number Answered
Your Score History
You have not taken this quiz